[Event "WGM Marmaris Cleopatra 2018"]
[Site "Mentese Mugla"]
[Date "2018.10.30"]
[Round "9.8"]
[White "Arda, Cagil Irmak"]
[Black "Tsatsalashvili, Keti"]
[Result "0-1"]
[WhiteElo "2096"]
[BlackElo "2330"]
[Annotator "TA"]
[PlyCount "159"]
[EventDate "2018.10.26"]
[EventType "tourn"]
[EventCountry "TUR"]
[SourceTitle "playchess.com"]
[Source "ChessBase"]
[SourceQuality "1"]

{[%evp 11,159,33,22,17,6,7,72,27,25,29,21,8,10,0,0,0,0,-32,-51,-62,-48,-35,-18,-148,-105,-190,0,-171,-166,-184,-34,-35,0,-10,-9,-87,68,75,86,28,80,-53,-36,-54,-42,-47,-54,-42,-54,-72,-62,-39,-46,-108,-98,-105,-91,-83,-92,-111,-102,-168,-147,-169,-170,-164,-63,-72,-59,-75,-66,-72,-34,-21,-30,-49,-26,-27,-23,-122,-117,-130,-127,-126,-8,-10,-6,-17,0,-17,-13,-20,-20,-20,-24,-21,-22,-22,-29,-27,-21,-15,-18,-17,-21,-143,-145,-289,-281,-917,-670,-1368,-1334,-1256,-651,-1279,-1020,-1413,0,0,0,-1264,-1349,-1290,-1288,-1249,-1249,-1232,-1216,-1206,-1184,-1177,-935,-886,-612,-599,-592,-29973,-29974,-29975,-29975,-29974,-29977,-29971,-29975,-29975,-29968,-29984,-29985,-29990]} 1. e4 c5 2. Nf3 d6 3. Bb5+ Nd7 4. O-O a6 5. Bd3 Ngf6 6. Re1 {B51: Sicilian: Moscow Variation (3 Bb5+) without 3...Bd7} e6 {LiveBook: 118 Games} (6... g6 7. c3 Bg7 8. Bc2 O-O 9. d4 e5 10. a4 cxd4 11. cxd4 exd4 12. Nxd4 Nc5 {1-0 (33) Jakovenko,D (2748)-Nepomniachtchi,I (2768) Satka 2018}) 7. Bf1 b6 $146 ({Predecessor:} 7... Be7 8. c3 b5 9. a4 Bb7 10. d3 O-O 11. Nbd2 Bc6 12. d4 bxa4 {½-½ (55) Wu,W (2508)-Wang,Y (2434) Suzhou 2006}) 8. d4 {The position is equal.} Bb7 (8... cxd4 $11 9. Nxd4 (9. Qxd4 Be7 $11) 9... Bb7) 9. e5 (9. d5 $5) 9... dxe5 10. dxe5 Nd5 11. c4 Nb4 {White should prevent ...Bxf3.} 12. a3 Nc6 13. Nc3 Be7 14. Bf4 g5 $1 {[%cal Rg5f4,Bg7g5,Bg5g4][%mdl 32]} 15. Bg3 g4 $1 {[%cal Rg4f3]} 16. Nd2 h5 17. f3 (17. f4 $11) 17... Ndxe5 18. Nd5 ({Wrong is} 18. Bxe5 $2 Nxe5 19. Nd5 Nxf3+ $1 {[%mdl 512]} 20. gxf3 exd5 $19) (18. Kh1 $17 {might work better.} Ng6 19. fxg4) 18... f6 $2 (18... exd5 $19 19. Bxe5 Nxe5 20. Rxe5 Kf8 21. fxg4 hxg4 22. Qxg4 Bf6) 19. Nxe7 $2 (19. f4 $1 $11 exd5 20. fxe5 Nxe5 21. Bxe5 fxe5 22. Rxe5) 19... Qxe7 $19 20. f4 Nd7 (20... h4 $19 21. Bf2 g3 $1 {[%mdl 512]} 22. hxg3 hxg3 23. Bxg3 Nd7) 21. Ne4 $1 $15 {[%cal Re4d6]} Nd4 22. Bf2 $1 Nf5 23. Bd3 (23. Qe2 $11 {remains equal.}) 23... Ng7 $2 (23... O-O-O $1 $17) 24. Bc2 {[%mdl 1024] Nd6+ is the strong threat. White has compensation.} O-O 25. Nd6 (25. Bh4 $16) 25... Bc6 $11 26. Bh4 (26. b4 $16) 26... Rfd8 $1 $15 {aiming for ...Nf8.} 27. Nf5 Nxf5 28. Bxf5 Nf8 $1 29. Qe2 {[%cal Rf5e6]} Rd6 30. Be4 Bxe4 31. Qxe4 Ra7 32. Rad1 ({Better is} 32. f5 $15) 32... Rxd1 $17 33. Rxd1 Kg7 34. f5 Rd7 35. Re1 {[%cal Rf5e6]} e5 36. Qe2 (36. Bf2 $17) 36... Qd6 37. h3 Qd4+ 38. Bf2 Qd3 (38... Qf4 $1 $19 39. b4 gxh3) 39. hxg4 $15 Qxe2 40. Rxe2 hxg4 {[%mdl 4096] Endgame KRB-KRN} 41. Kh2 Nh7 {Hoping for ...Kh6.} 42. Kg3 Ng5 43. Kxg4 Nf7 44. Kf3 Rd3+ 45. Ke4 (45. Re3 $1 $11 Rxe3+ 46. Kxe3) 45... Rd1 $17 46. g4 Nd6+ 47. Kf3 Nxc4 ({Black should try} 47... Rd3+ $17 48. Re3 Rd4) 48. Rc2 $11 Nd6 {Black wants to play ...Rd3+.} 49. b4 Nb7 50. Ke2 Rd5 51. a4 a5 52. bxc5 Nxc5 53. Rc4 Kf7 54. Be3 Ke8 55. Kf3 Kd7 56. g5 fxg5 {With the idea ...Kd6.} 57. Kg4 Kd6 58. Kxg5 (58. Rc1 $11) 58... Rd3 $17 59. Bxc5+ (59. Bc1 $17) 59... bxc5 {KR-KR} 60. f6 $2 (60. Rh4 Rf3 61. Rh8) 60... Rf3 $19 61. Kg6 Kd5 62. Rc1 c4 63. f7 e4 {[%cal Be5e4,Be4e3,Be3e2][%mdl 32]} 64. Kg7 Kd4 $2 (64... e3 $1 $19 65. Kg6 Kd4 66. Rd1+ Ke4) 65. Rd1+ $11 Kc3 {Strongly threatening ...e3.} 66. f8=Q $4 {[%mdl 8192]} (66. Re1 $11) 66... Rxf8 $19 67. Kxf8 {KR-K3P} e3 68. Rd7 e2 69. Re7 Kd2 70. Rd7+ Kc2 71. Re7 Kd1 72. Rd7+ {[#]} Ke1 $1 {White must now prevent ...c3.} 73. Rc7 {[#]} c3 $1 {[%cal Bc4c3,Bc3c2][%mdl 544]} 74. Rc6 (74. Rxc3 Kd2) 74... Kd2 {Black mates.} 75. Rd6+ Ke3 76. Re6+ Kd3 77. Rd6+ Kc4 78. Re6 c2 79. Rc6+ Kb3 80. Rc5 {Precision: White = 34%, Black = 61%.} 0-1

[Event "WGM Marmaris Cleopatra 2018"]
[Site "Mentese Mugla"]
[Date "2018.10.30"]
[Round "9.9"]
[White "Okuyaz, Duru"]
[Black "Tereladze, Sopiko"]
[Result "1-0"]
[WhiteElo "2108"]
[BlackElo "2161"]
[Annotator "TA"]
[PlyCount "65"]
[EventDate "2018.10.26"]
[EventType "tourn"]
[EventCountry "TUR"]
[SourceTitle "playchess.com"]
[Source "ChessBase"]
[SourceQuality "1"]

{[%evp 18,65,30,22,27,16,22,25,32,38,27,17,26,21,79,71,60,50,89,89,93,93,85,63,123,121,106,101,132,118,215,208,250,242,235,232,341,354,397,371,379,362,395,399,459,456,1598,1770,1320,1257]} 1. e4 e5 2. Nf3 Nc6 3. Bb5 {[%cal Bf1b5,Bb5a4,Ba4b3][%mdl 32]} a6 4. Ba4 Nf6 5. O-O b5 6. Bb3 Be7 7. d4 d6 8. dxe5 Nxe5 {C84: Spanische Partie (Mittelgambit)} 9. Nxe5 dxe5 10. Qe2 {LiveBook: 4 Partien} (10. Qxd8+ Bxd8 11. a4 Bb7 12. f3 O-O 13. Be3 Be7 14. Nc3 b4 15. Nd1 Nd7 16. Bf2 {0-1 (66) Van Foreest,J (2636)-Antonio,V (2414) Vlissingen 2018}) 10... Bb7 {Die Stellung ist ausgeglichen.} 11. Rd1 Qc8 12. f3 $146 ({Vorgänger:} 12. Nc3 c5 13. Bd5 O-O 14. Bxb7 Qxb7 15. Bg5 Rfd8 16. Bxf6 Bxf6 {1-0 (31) Epiney,F (2227)-Van Moorsel,A (2245) IECG email 2006}) 12... O-O 13. Be3 Rd8 14. Nd2 Nh5 15. c4 $36 {[%mdl 2048] Schwarz steht unter Druck.} Nf4 (15... c5 $11) 16. Bxf4 $1 $16 exf4 17. cxb5 axb5 18. Qxb5 Ba6 19. Qe5 Bd6 20. Qc3 (20. Qd5 {with more complications.} Kh8 21. Qxf7 Be2 22. Rdc1 Be5 23. Nc4) 20... Rb8 {[#]} ({Günstiger ist} 20... Be2 $14) 21. Nc4 $1 {zielt auf Se5 ab.} Bxc4 22. Qxc4 Rf8 23. Rd5 Qb7 {[#]} (23... Be7 $16 24. Rc1 c5) 24. e5 $1 $18 {[%cal Re5d6]} Bb4 25. Rad1 Qb6+ 26. Kh1 c6 (26... Qe3 $142 27. Qxc7 Rbe8) 27. Rd7 {[%cal Rd7f7]} Qe3 28. Rxf7 Rxf7 29. Qxf7+ Kh8 30. e6 Rf8 31. Qb7 {Weiß steht klar auf Gewinn.} Qc5 (31... Bd6 $142 32. Qd7 Bc5) 32. a3 Ba5 33. Qd7 {Precision: Weiß = 84%, Schwarz = 25%.} 1-0

[Event "WGM Marmaris Cleopatra 2018"]
[Site "Mentese Mugla"]
[Date "2018.10.30"]
[Round "9.10"]
[White "Isgandarova, Khayala"]
[Black "Abdulla, Khayala"]
[Result "1/2-1/2"]
[WhiteElo "2194"]
[BlackElo "2168"]
[Annotator "TA"]
[PlyCount "44"]
[EventDate "2018.10.26"]
[EventType "tourn"]
[EventCountry "TUR"]
[SourceTitle "playchess.com"]
[Source "ChessBase"]
[SourceQuality "1"]

{[%evp 35,44,0,45,0,53,0,52,0,52,0,45]} 1. e4 c5 2. Nf3 e6 3. d4 cxd4 4. Nxd4 a6 5. c4 Nf6 6. Nc3 Qc7 7. Be2 b6 8. Be3 Bb7 9. f3 Be7 10. O-O d6 11. Rc1 O-O 12. Kh1 Nbd7 13. Qd2 Rac8 14. Rfd1 Qb8 15. Bf1 Bd8 16. Bg1 {A31: Symmetrical English: 2 Nf3 Nf6 3 d4} Bc7 {[#]} 17. Qf2 $146 ({Predecessor:} 17. Rc2 Ne5 18. b4 Rfd8 19. Rb1 Ng6 20. Na4 h5 21. b5 a5 22. Nc6 Bxc6 23. bxc6 d5 24. exd5 exd5 25. Nxb6 dxc4 {1-0 (40) Potkin,V (2574)-Vykouk,J (2435) Katowice 2017}) 17... Qa8 18. Qd2 Qb8 {LiveBook: 16 Games} 19. Qf2 Qa8 20. Qd2 Qb8 21. Qf2 Qa8 22. Qd2 Qb8 $1 1/2-1/2

[Event "WGM Marmaris Cleopatra 2018"]
[Site "Mentese Mugla"]
[Date "2018.10.30"]
[Round "10.6"]
[White "Abdulla, Khayala"]
[Black "Ince, Safiye Oyku"]
[Result "1-0"]
[WhiteElo "2168"]
[BlackElo "1855"]
[Annotator "ChessBase"]
[PlyCount "73"]
[EventDate "2018.10.26"]
[EventType "tourn"]
[EventCountry "TUR"]
[SourceTitle "playchess.com"]
[Source "ChessBase"]
[SourceQuality "1"]
[TimeControl "5400+30"]

1. e4 {[%emt 0:00:30]} c5 {[%emt 0:00:30]} 2. Nf3 {[%emt 0:00:00]} e6 {[%emt 0:00:00]} 3. d4 {[%emt 0:00:00]} cxd4 {[%emt 0:00:00]} 4. Nxd4 {[%emt 0:00:30]} Nc6 {[%emt 0:00:00]} 5. Nb5 {[%emt 0:00:00]} d6 {[%emt 0:00:00]} 6. c4 {[%emt 0:00:00]} a6 {[%emt 0:00:30]} 7. N5a3 {[%emt 0:00:30]} Nf6 {[%emt 0:00:00]} 8. Nc3 {[%emt 0:00:30]} Qc7 {[%emt 0:00:00]} 9. Be2 {[%emt 0:00:30]} Be7 {[%emt 0:00:30]} 10. O-O {[%emt 0:00:30]} b6 {[%emt 0:00:00]} 11. Be3 {[%emt 0:00:30]} Bb7 {[%emt 0:00:00]} 12. Rc1 {[%emt 0:01:30]} Ne5 {[%emt 0:00:30]} 13. f3 {[%emt 0:01:30]} O-O {[%emt 0:00:30]} 14. Qd2 {[%emt 0:01:30]} Rac8 {[%emt 0:03:30]} 15. Rfd1 {[%emt 0:03:30]} Ned7 {[%emt 0:03:30]} 16. Bf1 {[%emt 0:02:30]} Qb8 {[%emt 0:00:30]} 17. Kh1 {[%emt 0:06:30]} Qa8 {[%emt 0:01:30]} 18. Na4 {[%emt 0:02:30]} Qa7 {[%emt 0:04:30]} 19. Qb4 {[%emt 0:10:30]} a5 {[%emt 0:03:30]} 20. Qd2 {[%emt 0:01:30]} Bc6 {[%emt 0:06:30]} 21. Nc3 {[%emt 0:01:30]} Rfd8 {[%emt 0:01:30]} 22. Nab5 {[%emt 0:01:30]} Qb8 {[%emt 0:00:00]} 23. Bf4 {[%emt 0:07:30]} Ne5 {[%emt 0:05:00]} 24. Qf2 {[%emt 0:03:30]} Ng6 {[%emt 0:02:30]} 25. Be3 {[%emt 0:00:30]} Nd7 {[%emt 0:00:30]} 26. a3 {[%emt 0:01:30]} Re8 {[%emt 0:10:30]} 27. Rc2 {[%emt 0:03:30]} Nge5 {[%emt 0:01:30]} 28. b3 {[%emt 0:08:30]} Nc5 {[%emt 0:03:30]} 29. b4 {[%emt 0:00:30]} axb4 {[%emt 0:00:30]} 30. axb4 {[%emt 0:00:30]} Na6 {[%emt 0:00:30]} 31. Rb1 {[%emt 0:02:30]} Nd7 {[%emt 0:07:30]} 32. Ra2 {[%emt 0:02:30]} Bxb5 {[%emt 0:06:30]} 33. Nxb5 {[%emt 0:01:30]} Qb7 {[%emt 0:00:30]} 34. Qd2 {[%emt 0:03:30]} Ne5 {[%emt 0:03:30]} 35. Rba1 {[%emt 0:01:30]} Nb8 {[%emt 0:01:30]} 36. Ra7 {[%emt 0:02:30]} Qc6 {[%emt 0:00:00]} 37. Nd4 {[%emt 0:00:30]} 1-0

[Event "WGM Marmaris Cleopatra 2018"]
[Site "Mentese Mugla"]
[Date "2018.10.30"]
[Round "10.7"]
[White "Dimitrijevic, Aleksandra"]
[Black "Soyunlu, Narmin"]
[Result "0-1"]
[WhiteElo "2189"]
[BlackElo "2014"]
[Annotator "TA"]
[PlyCount "108"]
[EventDate "2018.10.26"]
[EventType "tourn"]
[EventCountry "TUR"]
[SourceTitle "playchess.com"]
[Source "ChessBase"]
[SourceQuality "1"]

{[%evp 13,108,-33,-27,-21,-31,-45,-50,-63,-56,-67,-47,-214,-222,-205,-182,-164,-91,-41,-49,-221,-116,-380,-310,-306,-264,-409,-314,-325,-211,-471,-435,-464,-414,-347,-420,-414,-386,-404,-348,-314,-336,-681,-181,-166,-156,-255,-255,-275,-260,-292,-286,-271,-235,-352,-339,-515,-531,-524,-524,-509,-519,-493,-508,-589,-584,-817,-740,-808,-602,-659,-639,-800,-800,-784,-772,-751,-720,-712,-695,-653,-637,-1714,-1346,-1710,-1681,-1532,-1462,-1716,-1469,-29984,-29985,-29985,-29986,-29988,-29989,-29989,-29990]} 1. g3 d5 2. Bg2 Nf6 3. d3 c5 4. b3 (4. Nf3 Nc6 5. O-O g6 6. d4 cxd4 7. Nxd4 Bg7 8. Nc3 O-O 9. Bf4 Bg4 10. h3 Bd7 11. Nxc6 Bxc6 12. Be5 e6 13. Qd4 Qb6 14. Qxb6 axb6 {1-0 (28) Moiseenko,V (2492)-Tomashevsky,E (2705) Sochi 2018}) 4... Nc6 5. Bb2 e6 6. Nd2 {A00: Irregular Openings} Be7 7. Ngf3 O-O {LiveBook: 3 Games} 8. e3 {Black has an edge.} Qc7 9. Qe2 $146 ({Predecessor:} 9. O-O e5 10. c4 {0-1 (51) Epishin,V (2541)-Lai,H (2388) Bruges 2017}) 9... e5 10. h3 Re8 11. a3 Bd7 12. O-O-O $2 {[#]} (12. O-O $15) 12... b5 $1 $19 13. Kb1 a5 14. g4 Reb8 (14... d4 $19 15. Nh4 h6) 15. g5 Ne8 {Threatens to win with ...a4.} 16. h4 $2 (16. Nxe5 $1 $15 Nxe5 17. Bxd5) 16... a4 ({Black should play} 16... Bg4 $19 17. h5 b4) 17. h5 $2 {[%mdl 8192]} (17. g6 $17 hxg6 18. h5) 17... b4 18. axb4 axb3 ({But not} 18... Nxb4 19. Bxe5 axb3 20. Nxb3) (18... Rxb4 19. g6 $17) (18... cxb4 19. bxa4 Rxa4 20. g6 $17) 19. c3 (19. Nxb3 $142 Rxb4 20. g6) 19... cxb4 20. c4 Be6 21. Nxb3 $2 {[#]} (21. Bh3) 21... Ra3 $1 {[%mdl 512]} 22. Qc2 (22. Bxa3 bxa3) 22... e4 {Hoping for ...exd3.} 23. Nfd2 {next cxd5 is good for White.} exd3 ({Stronger than} 23... Bxg5 24. cxd5 Bxd5 25. Bxe4 $11) 24. Qxd3 dxc4 25. Nxc4 {[#]} Rxb3 $1 {[%mdl 512]} 26. Qxb3 {[#] Black must now prevent Bd5.} Na5 $1 {[%cal Ra5b3]} 27. Be5 $2 (27. Nxa5 Bxb3 28. Nxb3) 27... Qxe5 $2 (27... Qc5 28. Qd3 Bxc4) 28. Nxe5 Bxb3 ({Resist} 28... Nxb3 29. Nc6 $17) 29. Rd7 (29. g6 $17 {was called for.} Nf6 30. gxf7+ Bxf7 31. Nxf7 Kxf7 32. Rc1) 29... Bxg5 30. Rc1 Be6 {Strongly threatening ...Rb5.} 31. Ra7 Nb3 32. Rd1 h6 33. Be4 (33. f4 {was worth a try.} Bh4 34. Kb2) 33... Nc5 34. Nc6 (34. Bd5 $142) 34... Nxe4 35. Nxb8 Nc3+ 36. Kc1 Nxd1 37. Kxd1 b3 38. Rb7 Nd6 39. Rb4 Bf6 40. Nc6 Bc3 41. Rb8+ Kh7 42. Nd4 Bxd4 43. exd4 Ne4 44. Ke1 Nc3 45. Rb4 g6 46. hxg6+ Kxg6 47. Kf1 Kf5 48. Ke1 h5 {[%cal Bh6h5,Bh5h4,Bh4h3,Bh3h2][%mdl 32]} 49. Kd2 Ne4+ 50. Ke1 h4 51. Rb8 h3 {Black mates.} 52. Kf1 Nd2+ 53. Ke1 h2 54. Rh8 b2 {Precision: White = 27%, Black = 72%.} 0-1

[Event "WGM Marmaris Cleopatra 2018"]
[Site "Mentese Mugla"]
[Date "2018.10.30"]
[Round "10.8"]
[White "Zozulia, Anna"]
[Black "Arda, Cagil Irmak"]
[Result "1/2-1/2"]
[WhiteElo "2292"]
[BlackElo "2096"]
[Annotator "TA"]
[PlyCount "56"]
[EventDate "2018.10.26"]
[EventType "tourn"]
[EventCountry "TUR"]
[SourceTitle "playchess.com"]
[Source "ChessBase"]
[SourceQuality "1"]

{[%evp 19,56,27,27,17,34,27,30,-14,-4,-11,-14,-18,-18,-35,-18,-26,0,-22,-27,-12,29,29,27,25,20,10,10,10,33,5,153,-5,24,0,151,-9,25,0,143]} 1. e4 e6 2. d4 d5 3. Nd2 c5 4. exd5 Qxd5 5. Ngf3 cxd4 6. Bc4 Qd7 {C07: French Tarrasch: 3...c5, 4 Ngf3 and 4 exd5 Qxd5} (6... Qd6 7. O-O Nf6 8. Nb3 Nc6 9. Nbxd4 Nxd4 10. Nxd4 a6 11. Re1 Qc7 12. Bf1 Be7 13. Qf3 O-O 14. Bf4 Bd6 15. Bxd6 Qxd6 16. Rad1 Qc7 17. c4 Rb8 18. Qg3 Qxg3 19. hxg3 Bd7 {½-½ (61) Karjakin,S (2773)-Duda,J (2737) chess.com INT 2018}) 7. O-O Nc6 8. Nb3 a6 9. Nbxd4 Nxd4 10. Qxd4 Qxd4 {LiveBook: 36 Games} 11. Nxd4 b5 12. Be2 Bb7 13. Bf3 $146 (13. c3 {looks sharper.} Nf6 14. Bd2 Bd6 15. a4 bxa4 16. Rxa4 O-O 17. Rfa1) ({Predecessor:} 13. Rd1 Nf6 14. c3 {½-½ (30) Popov,I (2609)-Bartel,M (2613) Antalya 2017}) 13... Bxf3 14. Nxf3 Nf6 15. Be3 Be7 16. Rfd1 O-O 17. c3 Rfd8 18. Kf1 Rxd1+ 19. Rxd1 Rd8 20. Rxd8+ Bxd8 $11 {[%mdl 4096] Endgame KBN-KBN} 21. Ke2 Kf8 22. Kd2 Ke7 23. Kd3 Kd6 24. Bd4 Be7 (24... Nd5 $11) 25. Be3 $2 {[#]} (25. Ne5 $16) 25... Bd8 26. Bd4 ({White should try} 26. Ng5 $11) 26... Be7 $16 27. Be3 $2 ({Better is} 27. Ne5 $16) 27... Bd8 28. Bd4 (28. Ng5 $11) 28... Be7 {Precision: White = 17%, Black = 48%.} 1/2-1/2

[Event "WGM Marmaris Cleopatra 2018"]
[Site "Mentese Mugla"]
[Date "2018.10.30"]
[Round "10.9"]
[White "Tsatsalashvili, Keti"]
[Black "Okuyaz, Duru"]
[Result "1/2-1/2"]
[WhiteElo "2330"]
[BlackElo "2108"]
[Annotator "TA"]
[PlyCount "38"]
[EventDate "2018.10.26"]
[EventType "tourn"]
[EventCountry "TUR"]
[SourceTitle "playchess.com"]
[Source "ChessBase"]
[SourceQuality "1"]

{[%evp 19,38,14,35,0,0,0,0,0,0,0,0,0,0,0,139,140,132,56,124,0,114]} 1. c4 c6 2. Nf3 d5 3. e3 Nf6 4. Nc3 e6 5. b3 Nbd7 6. Qc2 Bd6 7. Bb2 O-O 8. Be2 a6 {A11: English Opening: 1...c6} (8... b6 9. Rg1 Bb7 10. g4 Qe7 11. g5 Ne8 12. h4 Rc8 13. h5 Ba3 14. Bxa3 Qxa3 15. cxd5 cxd5 16. Bb5 {½-½ (63) Nepomniachtchi,I (2757)-Muzychuk,A (2564) Jerusalem 2018}) 9. Rg1 e5 {[%cal Be6e5,Be5e4][%mdl 32]} 10. g4 {[%cal Bg2g4,Bg4g5][%mdl 32]} e4 {LiveBook: 5 Games} 11. Nd4 {And now g5 would win.} Ne5 {[%cal Rc8g4]} 12. cxd5 $146 ({Predecessor:} 12. g5 Nfg4 13. cxd5 c5 14. Nxe4 cxd4 15. Bxd4 Bf5 16. f4 {1-0 (38) Sandipan,C (2619)-Nordenbaek,J (2228) Barcelona 2014}) 12... cxd5 {[%cal Rc8g4]} 13. g5 Nfd7 $1 14. Nxd5 Nc5 15. Nf4 Bd7 16. Bc3 Bb5 (16... Rc8 $11 {remains equal.}) 17. Nxb5 $16 axb5 {[#]} 18. Kf1 (18. b4 $1 $16 {[%cal Rb4c5]} Ncd3+ 19. Nxd3 exd3 20. Bxd3 Nxd3+ 21. Qxd3 Bxh2 22. Qxd8 Rfxd8 23. Rg4) 18... Qd7 (18... Qe7 $14) 19. Rg2 (19. b4 $16 Ncd3 20. Nxd3 Qh3+ 21. Rg2 exd3 22. Bxd3) 19... Rfc8 (19... Nf3 $11 {keeps the balance.} 20. b4 Na4 21. Qxe4 Nxc3 22. Qxf3 Nxa2) 1/2-1/2

[Event "WGM Marmaris Cleopatra 2018"]
[Site "Mentese Mugla"]
[Date "2018.10.30"]
[Round "10.10"]
[White "Tereladze, Sopiko"]
[Black "Isgandarova, Khayala"]
[Result "1/2-1/2"]
[WhiteElo "2161"]
[BlackElo "2194"]
[Annotator "NA"]
[PlyCount "35"]
[EventDate "2018.10.26"]
[EventType "tourn"]
[EventCountry "TUR"]
[SourceTitle "playchess.com"]
[Source "ChessBase"]
[SourceQuality "1"]
[TimeControl "5400+30"]

1. d4 {[%emt 0:00:30]} d5 {[%emt 0:00:30]} 2. c4 {[%emt 0:00:00]} e6 {[%emt 0:00:00]} 3. cxd5 {[%emt 0:00:00]} exd5 {[%emt 0:00:00]} 4. Nc3 {[%emt 0:00:30]} Nf6 {[%emt 0:00:30]} 5. Nf3 {[%emt 0:00:00]} Bd6 {[%emt 0:00:00]} 6. Bg5 {[%emt 0:00:00]} c6 {[%emt 0:00:00]} 7. e3 {[%emt 0:00:00]} O-O {[%emt 0:00:00]} 8. Bd3 {[%emt 0:00:00]} Nbd7 {[%emt 0:00:00]} 9. O-O {[%emt 0:00:00]} h6 {[%emt 0:00:30]} 10. Bh4 {[%emt 0:00:00]} Qc7 {[%emt 0:00:00]} 11. Qc2 {[%emt 0:00:30]} a6 {[%emt 0:00:00]} 12. Rac1 {[%emt 0:01:30]} Re8 {[%emt 0:00:30]} 13. Rfe1 {[%emt 0:00:30]} Bf8 {[%emt 0:00:30]} 14. Bg3 {[%emt 0:00:30]} Bd6 {[%emt 0:00:30]} 15. Bh4 {[%emt 0:00:00]} Bf8 {[%emt 0:00:00]} 16. Bg3 {[%emt 0:00:00]} Bd6 {[%emt 0:00:00]} 17. Bh4 {[%emt 0:00:00]} Bf8 {[%emt 0:00:30]} 18. Bg3 {[%emt 0:00:00]} 1/2-1/2